[Event "EU-ch (Women) 11th"]
[Site "Rijeka"]
[Date "2010.03.07"]
[Round "2.1"]
[White "Majdan, Joanna"]
[Black "Kosintseva, Nadezhda"]
[Result "0-1"]
[WhiteElo "2364"]
[BlackElo "2554"]
[PlyCount "64"]
[EventDate "2010.03.06"]
[EventType "swiss"]
[EventRounds "11"]
[EventCountry "CRO"]
[SourceDate "2010.03.06"]

1. e4 c5 2. Nf3 Nc6 3. d4 cxd4 4. Nxd4 g6 5. Nc3 Bg7 6. Be3 Nf6 7. Bc4 Qa5 8.
O-O O-O 9. Bb3 d6 10. h3 Bd7 11. f4 Nxd4 12. Bxd4 Bc6 13. Qd3 Rad8 14. f5 Nd7
15. Bxg7 Kxg7 16. Rf4 Nc5 17. Qd4+ f6 18. Bd5 Qb6 19. Ne2 gxf5 20. Rxf5 e5 21.
Qe3 Nxe4 22. Qxb6 axb6 23. Rd1 Bxd5 24. Rxd5 Rc8 25. c3 Rc5 26. Rd3 Kg6 27. g4
Ra8 28. a3 d5 29. b4 Rc7 30. Rxd5 Rxa3 31. Rd8 Ra2 32. Kf1 Nxc3 0-1

[Event "EU-ch (Women) 11th"]
[Site "Rijeka"]
[Date "2010.03.07"]
[Round "2.2"]
[White "Muzychuk, Anna"]
[Black "Motoc, Alina"]
[Result "1-0"]
[WhiteElo "2533"]
[BlackElo "2348"]
[PlyCount "85"]
[EventDate "2010.03.06"]
[EventType "swiss"]
[EventRounds "11"]
[EventCountry "CRO"]
[SourceDate "2010.03.06"]

1. e4 c5 2. Nc3 d6 3. g3 g6 4. Bg2 Bg7 5. d3 Nc6 6. f4 e6 7. Nf3 Nge7 8. O-O
O-O 9. Be3 Nd4 10. e5 Nef5 11. Bf2 Nxf3+ 12. Qxf3 Nd4 13. Qd1 dxe5 14. fxe5
Bxe5 15. Ne4 f5 16. Nxc5 Qd6 17. b4 Nc6 18. Rb1 Bd4 19. Qe1 Rb8 20. Bxd4 Nxd4
21. c3 b6 22. cxd4 Qxd4+ 23. Qf2 Qxf2+ 24. Kxf2 bxc5 25. bxc5 Ba6 26. Ke3 e5
27. Bd5+ Kg7 28. Rb3 e4 29. Rfb1 Rxb3 30. Rxb3 exd3 31. Ra3 Re8+ 32. Kd2 Re2+
33. Kd1 Bb5 34. Rxa7+ Kf6 35. c6 Rc2 36. a4 Bc4 37. Rf7+ Ke5 38. Bxc4 Rxc4 39.
c7 Kd6 40. Rxh7 Rc6 41. a5 g5 42. Kd2 Kc5 43. a6 1-0

[Event "EU-ch (Women) 11th"]
[Site "Rijeka"]
[Date "2010.03.07"]
[Round "2.3"]
[White "Girya, Olga"]
[Black "Kosintseva, Tatiana"]
[Result "0-1"]
[WhiteElo "2362"]
[BlackElo "2524"]
[PlyCount "94"]
[EventDate "2010.03.06"]
[EventType "swiss"]
[EventRounds "11"]
[EventCountry "CRO"]
[SourceDate "2010.03.06"]

1. d4 Nf6 2. Nf3 e6 3. c4 b6 4. Nc3 Bb7 5. Bg5 h6 6. Bh4 g5 7. Bg3 Nh5 8. e3
Nxg3 9. hxg3 Bg7 10. Bd3 Qe7 11. Qc2 Nc6 12. a3 d6 13. g4 O-O-O 14. Ne2 h5 15.
gxh5 g4 16. Nd2 Qg5 17. O-O-O Rxh5 18. Ne4 Qa5 19. Rxh5 Qxh5 20. N2g3 Qh8 21.
Rh1 Qg8 22. Nc3 Kb8 23. Kb1 f5 24. d5 Ne5 25. dxe6 Qxe6 26. Nxf5 Nxd3 27. Nxg7
Qxc4 28. Rd1 Ne5 29. e4 Rf8 30. Rh1 Qf7 31. Nf5 Bxe4 32. Qxe4 Qxf5 33. Qxf5
Rxf5 34. Nd1 Kb7 35. Kc2 a5 36. Rh7 b5 37. Rg7 Kb6 38. Kd2 c5 39. Ke2 Kc6 40.
Ne3 Rf4 41. Ra7 Kb6 42. Re7 Re4 43. Re6 Kc6 44. f3 gxf3+ 45. gxf3 Rf4 46. Ng2
Rxf3 47. Rxe5 Rg3 0-1

[Event "EU-ch (Women) 11th"]
[Site "Rijeka"]
[Date "2010.03.07"]
[Round "2.4"]
[White "Cramling, Pia"]
[Black "Kachiani Gersinska, Ketino"]
[Result "1/2-1/2"]
[WhiteElo "2523"]
[BlackElo "2346"]
[PlyCount "105"]
[EventDate "2010.03.06"]
[EventType "swiss"]
[EventRounds "11"]
[EventCountry "CRO"]
[SourceDate "2010.03.06"]

1. d4 d5 2. Nf3 Nf6 3. c4 c6 4. Nc3 e6 5. Bg5 Nbd7 6. e3 Qa5 7. Nd2 dxc4 8.
Bxf6 Nxf6 9. Nxc4 Qc7 10. Be2 Be7 11. O-O O-O 12. Rc1 Rd8 13. a3 Bd7 14. b4 b6
15. Bf3 Rac8 16. Qb3 Be8 17. Rfd1 Nd5 18. Na2 c5 19. e4 Nf4 20. d5 exd5 21.
exd5 Bb5 22. Bg4 Bd7 23. Bf3 Bb5 24. g3 Bxc4 25. Qxc4 Ng6 26. Be2 Bg5 27. Rc2
Qd6 28. Qg4 h6 29. Nc3 cxb4 30. Nb5 Qb8 31. Rxc8 Qxc8 32. Qxc8 Rxc8 33. axb4 a5
34. bxa5 bxa5 35. d6 Rc1 36. Rxc1 Bxc1 37. d7 Bg5 38. Nd6 Nf8 39. Bb5 Ne6 40.
Nb7 Kf8 41. Nxa5 Ke7 42. Nc4 Nf8 43. Nb6 Kd6 44. Ba4 Bd8 45. Nc4+ Ke6 46. Bb3
Nxd7 47. f4 Ke7 48. Kg2 Bb6 49. Kf3 Bd4 50. Na5 Bc3 51. Nc6+ Kd6 52. Nd8 f5 53.
h3 1/2-1/2

[Event "EU-ch (Women) 11th"]
[Site "Rijeka"]
[Date "2010.03.07"]
[Round "2.8"]
[White "Vega Gutierrez, Sabrina"]
[Black "Danielian, Elina"]
[Result "1/2-1/2"]
[WhiteElo "2314"]
[BlackElo "2491"]
[PlyCount "97"]
[EventDate "2010.03.06"]
[EventType "swiss"]
[EventRounds "11"]
[EventCountry "CRO"]
[SourceDate "2010.03.06"]

1. e4 e6 2. d4 d5 3. Nc3 Nf6 4. e5 Nfd7 5. f4 c5 6. Nf3 Nc6 7. Be3 Be7 8. Qd2
O-O 9. dxc5 Bxc5 10. O-O-O Qa5 11. Nd4 Bxd4 12. Bxd4 Rb8 13. Kb1 b5 14. Qe3 b4
15. Ne2 Re8 16. Ng3 Ba6 17. Nh5 Nxd4 18. Rxd4 Rb6 19. Qg3 g6 20. Nf6+ Nxf6 21.
exf6 Bxf1 22. Rxf1 Ra6 23. Qb3 Qd8 24. Qxb4 Qxf6 25. Rfd1 Rc6 26. Qb5 Rec8 27.
Qd3 Qh4 28. h3 Qf2 29. c3 Qxg2 30. Rd2 Qg1+ 31. Rd1 Qf2 32. Rf1 Qg2 33. Rd1 Rc4
34. Rxc4 Rxc4 35. Qe3 Re4 36. Qxa7 Qe2 37. Rc1 Qd3+ 38. Ka1 Qd2 39. Kb1 Qxf4
40. b3 Qd2 41. Rc2 Qd3 42. Kb2 Qxh3 43. a4 Qd3 44. a5 Re1 45. Rf2 f5 46. Qb8+
Kf7 47. Qc7+ Kf6 48. Qd8+ Kf7 49. Qc7+ 1/2-1/2

[Event "EU-ch (Women) 11th"]
[Site "Rijeka"]
[Date "2010.03.07"]
[Round "2.9"]
[White "Hoang Thanh Trang"]
[Black "Kochetkova, Julia"]
[Result "1/2-1/2"]
[WhiteElo "2487"]
[BlackElo "2313"]
[PlyCount "189"]
[EventDate "2010.03.06"]
[EventType "swiss"]
[EventRounds "11"]
[EventCountry "CRO"]
[SourceDate "2010.03.06"]

1. d4 e6 2. Bf4 Nf6 3. e3 d5 4. Nd2 Bd6 5. Bg3 O-O 6. Bd3 c5 7. c3 Nc6 8. Ngf3
b6 9. Ne5 Qc7 10. f4 Bb7 11. O-O Ne7 12. Qc2 Ng6 13. Rae1 a6 14. Ndf3 b5 15.
Ng5 c4 16. Be2 Ne4 17. Nxe4 dxe4 18. Nxg6 hxg6 19. Bh4 Be7 20. Bxe7 Qxe7 21. a4
Bd5 22. Ra1 Qb7 23. Ra3 Rfb8 24. axb5 axb5 25. Rfa1 Qe7 26. Rxa8 Rxa8 27. Rxa8+
Bxa8 28. b3 Bd5 29. bxc4 bxc4 30. Qa4 Qb7 31. Kf2 Kh7 32. Qb4 Qa6 33. Qb2 Qa4
34. Ke1 Qa6 35. Kd2 Qa4 36. Bd1 Qa7 37. Qb4 Qa2+ 38. Bc2 Qa1 39. Qb1 Qa7 40. h4
Qa8 41. g4 Qc6 42. Qb4 Qd7 43. g5 Qa7 44. Ba4 Qc7 45. Qb5 Qd6 46. Qb4 Qc7 47.
Kc2 Qa7 48. Kb2 Qa8 49. Qb5 Qa7 50. Ka3 Qe7+ 51. Qc5 Qb7 52. Qb4 Qa7 53. Kb2
Qc7 54. Bb5 Qb6 55. Qc5 Qb7 56. Qb4 Qc7 57. Qa4 Qb6 58. Qa6 Qb8 59. Ka3 Qc7 60.
Ka4 Qb8 61. Ka3 Qc7 62. Qa4 Qe7+ 63. Ka2 Qc7 64. Be8 Qb7 65. Qb5 Qc7 66. Kb2
Qa7 67. Qb4 Qc7 68. Ba4 Qa7 69. Bd1 Qc7 70. Qb5 Qa7 71. h5 gxh5 72. Bxh5 g6 73.
Be2 Qc7 74. Qc5 Qb7+ 75. Qb4 Qc7 76. Qf8 Qb7+ 77. Kc1 Qa7 78. Bd1 Qb7 79. Ba4
Qa7 80. Bc2 Qb7 81. Kd2 Qa7 82. Ke2 Qb7 83. Kd2 Qa7 84. Qe8 Kg7 85. Qa4 Qb8 86.
Qb4 Qh8 87. Bd1 Qa8 88. Qe7 Qa5 89. Bc2 Qa8 90. Qc7 Kg8 91. Qd7 Qa5 92. Qe8+
Kg7 93. Qb8 Qa2 94. Qb5 Qa8 95. Ba4 1/2-1/2

[Event "EU-ch (Women) 11th"]
[Site "Rijeka"]
[Date "2010.03.07"]
[Round "2.11"]
[White "Cmilyte, Viktorija"]
[Black "Kadziolka, Beata"]
[Result "1/2-1/2"]
[WhiteElo "2485"]
[BlackElo "2311"]
[PlyCount "102"]
[EventDate "2010.03.06"]
[EventType "swiss"]
[EventRounds "11"]
[EventCountry "CRO"]
[SourceDate "2010.03.06"]

1. Nf3 g6 2. c4 f5 3. g3 Bg7 4. d4 Nf6 5. b4 c6 6. Bb2 Ne4 7. Bg2 O-O 8. Nbd2
d5 9. O-O Be6 10. Rc1 a5 11. b5 cxb5 12. cxb5 a4 13. Ba3 Nd7 14. e3 Bf6 15. Bb4
Qb6 16. Qe2 Nd6 17. Bxd6 Qxd6 18. Ne1 Rfc8 19. Nd3 Bf7 20. f4 Qb6 21. Ne5 Nxe5
22. dxe5 Bg7 23. Nf3 e6 24. Nd4 Bf8 25. Rfd1 Ba3 26. Rc2 Rc7 27. Rxc7 Qxc7 28.
Qd3 Bb2 29. Rd2 Qc1+ 30. Rd1 Qc5 31. Rd2 Qc1+ 32. Kf2 Rc8 33. Rc2 Rxc2+ 34.
Qxc2 Qxc2+ 35. Nxc2 Be8 36. Bf1 Kf8 37. Ke1 Ke7 38. Kd2 Bd7 39. Nd4 Kd8 40. Kc2
Ba3 41. Bd3 Kc7 42. Be2 Kb6 43. g4 Bc5 44. gxf5 gxf5 45. Kc3 Bxd4+ 46. exd4
Bxb5 47. Bh5 Ka5 48. a3 Bc6 49. Bf7 Bd7 50. Bg8 h6 51. Bf7 Kb5 1/2-1/2

[Event "EU-ch (Women) 11th"]
[Site "Rijeka"]
[Date "2010.03.07"]
[Round "2.12"]
[White "Borosova, Zuzana"]
[Black "Dzagnidze, Nana"]
[Result "1/2-1/2"]
[WhiteElo "2307"]
[BlackElo "2479"]
[PlyCount "120"]
[EventDate "2010.03.06"]
[EventType "swiss"]
[EventRounds "11"]
[EventCountry "CRO"]
[SourceDate "2010.03.06"]

1. e4 c6 2. d4 d5 3. exd5 cxd5 4. Bd3 Nc6 5. c3 g6 6. Bf4 Bg7 7. h3 Nh6 8. Nf3
O-O 9. O-O Bf5 10. Re1 Rc8 11. Bf1 f6 12. g4 Nxg4 13. hxg4 Bxg4 14. Be2 e5 15.
dxe5 fxe5 16. Bg3 e4 17. Nd4 Bxe2 18. Nxc6 Rxc6 19. Qxe2 h5 20. Nd2 h4 21. Bh2
Rcf6 22. Rf1 Qd7 23. Rae1 Bh6 24. f3 exf3 25. Nxf3 Qh3 26. Nd2 Bxd2 27. Rxf6
Rxf6 28. Qxd2 Rf5 29. Qg2 Qxg2+ 30. Kxg2 Kf7 31. Rf1 Rxf1 32. Kxf1 g5 33. Kg2
g4 34. Bg1 a6 35. Bf2 h3+ 36. Kg3 Ke6 37. Bg1 Kf5 38. a4 Ke4 39. Kxg4 Kd3 40.
Kxh3 Kc2 41. Bd4 a5 42. Kg4 Kb3 43. Kf5 Kxa4 44. Ke5 Kb3 45. Kxd5 Kxb2 46. Kc4
a4 47. Kb4 a3 48. c4+ Kc2 49. Bf6 a2 50. Bg7 Kb1 51. Kb5 Kc2 52. Bf6 Kb3 53.
Be5 Ka3 54. c5 Kb3 55. Bd4 Ka3 56. Kc4 Ka4 57. Bb2 Ka5 58. Be5 Ka4 59. Bd4 Ka3
60. Kb5 Kb3 1/2-1/2

[Event "EU-ch (Women) 11th"]
[Site "Rijeka"]
[Date "2010.03.07"]
[Round "2.13"]
[White "Gaponenko, Inna"]
[Black "Purtseladze, Maka"]
[Result "1/2-1/2"]
[WhiteElo "2472"]
[BlackElo "2299"]
[PlyCount "65"]
[EventDate "2010.03.06"]
[EventType "swiss"]
[EventRounds "11"]
[EventCountry "CRO"]
[SourceDate "2010.03.06"]

1. e4 c6 2. d4 d5 3. exd5 cxd5 4. c4 Nf6 5. Nc3 Nc6 6. cxd5 Nxd5 7. Nf3 Bg4 8.
Qb3 Bxf3 9. gxf3 e6 10. Qxb7 Nxd4 11. Bb5+ Nxb5 12. Qc6+ Ke7 13. Qxb5 Qd7 14.
Nxd5+ Qxd5 15. Qxd5 exd5 16. O-O Rd8 17. b3 Ke6 18. Bb2 Bd6 19. Rfe1+ Kf5 20.
Rad1 Bb8 21. Re7 f6 22. Rxg7 a6 23. Kh1 Be5 24. Bxe5 fxe5 25. h4 d4 26. Re1
Rhg8 27. Re7 Rd5 28. Rxh7 d3 29. Rh5+ Kf4 30. Rh7 Kf5 31. Rh5+ Kf4 32. Rh7 Kf5
33. Rh5+ 1/2-1/2

[Event "EU-ch (Women) 11th"]
[Site "Rijeka"]
[Date "2010.03.07"]
[Round "2.14"]
[White "Paulet, Iosefina"]
[Black "Melia, Salome"]
[Result "1/2-1/2"]
[WhiteElo "2303"]
[BlackElo "2467"]
[PlyCount "183"]
[EventDate "2010.03.06"]
[EventType "swiss"]
[EventRounds "11"]
[EventCountry "CRO"]
[SourceDate "2010.03.06"]

1. e4 c6 2. Nc3 d5 3. Nf3 Bg4 4. h3 Bxf3 5. Qxf3 e6 6. b3 Nd7 7. Bb2 Ngf6 8. g4
Nxe4 9. Nxe4 dxe4 10. Qxe4 Nf6 11. Qf3 Qd5 12. Qxd5 Nxd5 13. O-O-O O-O-O 14. h4
Bc5 15. Bh3 Rhg8 16. g5 Nf4 17. Be5 Bd6 18. Bb2 h5 19. Kb1 Bb4 20. c3 Ba5 21.
d4 Rd7 22. Kc2 Rgd8 23. a4 c5 24. d5 Rxd5 25. Rxd5 Rxd5 26. Bf1 Rf5 27. Kd1 Ng6
28. Ke1 Rf4 29. Be2 Nxh4 30. Bxh5 Nf3+ 31. Bxf3 Rxf3 32. Rh7 g6 33. Ke2 Rf5 34.
c4 Bd8 35. Bc1 Kd7 36. Be3 Kc6 37. Kd3 Bxg5 38. Bxg5 Rxg5 39. Rxf7 Rf5 40. Re7
Rf6 41. Ke3 g5 42. f3 Kb6 43. Ke4 Ka6 44. Rg7 Rf4+ 45. Ke3 Rf5 46. Ke4 b6 47.
Re7 Rf4+ 48. Ke3 Rf6 49. Rg7 Rf5 50. Ke4 Rf4+ 51. Ke3 Rd4 52. Ke2 Rh4 53. Rxg5
Rh2+ 54. Kd3 Rb2 55. Kc3 Rf2 56. Rg3 Ka5 57. Rh3 e5 58. Rg3 Rh2 59. Rg7 a6 60.
Rg5 Rh3 61. Rxe5 Rxf3+ 62. Kc2 Kb4 63. Re6 Rc3+ 64. Kd2 Rxb3 65. Rxb6+ Kxc4 66.
Rxa6 Rb2+ 67. Kc1 Rg2 68. Rh6 Kb3 69. Rh3+ Kxa4 70. Rf3 Kb4 71. Rh3 Re2 72. Rg3
Re4 73. Rh3 Rg4 74. Rf3 Rd4 75. Rh3 Kc4 76. Kc2 Rg4 77. Rf3 Rg2+ 78. Kc1 Re2
79. Kd1 Rb2 80. Kc1 Rb3 81. Rf4+ Kc3 82. Rh4 c4 83. Rh8 Rb7 84. Rh3+ Kb4 85.
Kc2 Rg7 86. Kb2 Rg2+ 87. Kc1 Ra2 88. Kb1 Rd2 89. Kc1 Rd3 90. Rxd3 cxd3 91. Kd2
Kc4 92. Kd1 1/2-1/2

[Event "EU-ch (Women) 11th"]
[Site "Rijeka"]
[Date "2010.03.07"]
[Round "2.15"]
[White "Socko, Monika"]
[Black "Mammadova, Gulnar"]
[Result "1-0"]
[WhiteElo "2465"]
[BlackElo "2299"]
[PlyCount "75"]
[EventDate "2010.03.06"]
[EventType "swiss"]
[EventRounds "11"]
[EventCountry "CRO"]
[SourceDate "2010.03.06"]

1. e4 g6 2. d4 c6 3. Nc3 Bg7 4. Be3 d6 5. Qd2 Nd7 6. Nf3 Ngf6 7. h3 O-O 8. Bd3
e5 9. O-O exd4 10. Bxd4 Re8 11. a4 Nc5 12. e5 Nd5 13. Nxd5 cxd5 14. Bb5 Bd7 15.
exd6 Bxb5 16. axb5 Bxd4 17. Qxd4 Qxd6 18. Rfe1 Red8 19. Ne5 f5 20. Rad1 Ne4 21.
Rxe4 fxe4 22. Ng4 Kf7 23. c4 g5 24. cxd5 Re8 25. Ne3 b6 26. Nc4 Qf6 27. Qe3
Rac8 28. Rd4 Rc5 29. b4 Rxb5 30. Na3 a6 31. Nxb5 axb5 32. Rxe4 Rxe4 33. Qxe4 h6
34. g3 Qd6 35. Kg2 Kf6 36. f4 Qc7 37. Qe6+ Kg7 38. Qe5+ 1-0

[Event "EU-ch (Women) 11th"]
[Site "Rijeka"]
[Date "2010.03.07"]
[Round "2.16"]
[White "Berend, Elvira"]
[Black "Rajlich, Iweta"]
[Result "1/2-1/2"]
[WhiteElo "2299"]
[BlackElo "2459"]
[PlyCount "155"]
[EventDate "2010.03.06"]
[EventType "swiss"]
[EventRounds "11"]
[EventCountry "CRO"]
[SourceDate "2010.03.06"]

1. d4 Nf6 2. Nf3 g6 3. g3 Bg7 4. Bg2 O-O 5. O-O d5 6. Bf4 c6 7. Nbd2 Nh5 8. Be5
Bh6 9. Bxb8 Rxb8 10. c4 Be6 11. cxd5 cxd5 12. e3 Nf6 13. Qa4 a5 14. b4 axb4 15.
Qxb4 Ne8 16. a4 Qd6 17. Rfb1 Bf5 18. Rb2 Qxb4 19. Rxb4 Nc7 20. a5 Rfc8 21. Bf1
Bf8 22. Rb2 f6 23. Nh4 Bd7 24. Rab1 g5 25. Nhf3 Bf5 26. Ra1 e6 27. Ne1 Ne8 28.
Bd3 Nd6 29. Bxf5 Nxf5 30. Nd3 Rc3 31. Rb3 Rc2 32. Nf3 g4 33. Nfe1 Rcc8 34. Nf4
Kf7 35. Rab1 Nd6 36. a6 b5 37. Ned3 Bh6 38. Nc5 Bxf4 39. exf4 Rb6 40. Kg2 Ra8
41. h3 h5 42. hxg4 hxg4 43. R3b2 Raxa6 44. Nxa6 Rxa6 45. Rh1 Rb6 46. Rb4 Rc6
47. Rb2 Rc4 48. Rh4 b4 49. Rxg4 Nf5 50. Ra2 Rxd4 51. Ra7+ Kf8 52. Rg6 Re4 53.
Rxf6+ Ke8 54. g4 Ne7 55. g5 Nf5 56. g6 Rxf4 57. g7 Rg4+ 58. Kf3 Rxg7 59. Rxe6+
Ne7 60. Rh6 Kf7 61. Rb6 Rg5 62. Rxb4 Re5 63. Rb6 Re4 64. Rb3 Kf6 65. Re3 Nc6
66. Ra6 Rc4 67. Ke2 Kf5 68. Ra8 Nd4+ 69. Kd3 Ne6 70. Re8 Rc6 71. Rh8 d4 72.
Rf3+ Kg4 73. Rg3+ Kf5 74. Rh5+ Kf4 75. Rh4+ Ke5 76. Rh5+ Kf4 77. Rh4+ Ke5 78.
Rh6 1/2-1/2

[Event "EU-ch (Women) 11th"]
[Site "Rijeka"]
[Date "2010.03.07"]
[Round "2.18"]
[White "Skripchenko, Almira"]
[Black "Aginian, Nelly"]
[Result "1-0"]
[WhiteElo "2456"]
[BlackElo "2296"]
[PlyCount "73"]
[EventDate "2010.03.06"]
[EventType "swiss"]
[EventRounds "11"]
[EventCountry "CRO"]
[SourceDate "2010.03.06"]

1. e4 e6 2. d4 d5 3. Nc3 Nf6 4. Bg5 dxe4 5. Nxe4 Nbd7 6. Nf3 h6 7. Nxf6+ Nxf6
8. Be3 Nd5 9. Bd2 c5 10. Bb5+ Bd7 11. Qe2 a6 12. Bxd7+ Qxd7 13. c4 Nf6 14. d5
Bd6 15. O-O O-O 16. Bc3 Qe7 17. Rfe1 Rfe8 18. dxe6 fxe6 19. g3 Rad8 20. Rad1
Bc7 21. Rxd8 Qxd8 22. Ne5 Ba5 23. Rd1 Qc7 24. Bxa5 Qxa5 25. Nd7 Nxd7 26. Rxd7
Qxa2 27. Rxb7 Qb1+ 28. Kg2 Qf5 29. Rb6 a5 30. Rc6 a4 31. Ra6 Qf6 32. Rxa4 Rb8
33. Qe3 Rxb2 34. Ra5 Rb8 35. Rxc5 Qe7 36. Qe5 Qb7+ 37. Kh3 1-0

[Event "EU-ch (Women) 11th"]
[Site "Rijeka"]
[Date "2010.03.07"]
[Round "2.20"]
[White "Vojinovic, Jovana"]
[Black "Arakhamia Grant, Ketevan"]
[Result "0-1"]
[WhiteElo "2296"]
[BlackElo "2447"]
[PlyCount "90"]
[EventDate "2010.03.06"]
[EventType "swiss"]
[EventRounds "11"]
[EventCountry "CRO"]
[SourceDate "2010.03.06"]

1. d4 Nf6 2. c4 g6 3. Nc3 Bg7 4. e4 d6 5. Nf3 O-O 6. Be2 e5 7. Be3 Ng4 8. Bg5
f6 9. Bh4 g5 10. Bg3 Nh6 11. c5 g4 12. Nh4 Nc6 13. cxd6 cxd6 14. dxe5 dxe5 15.
Bc4+ Kh8 16. O-O Qa5 17. a3 Qc5 18. Bd5 Rd8 19. Qe1 Ng8 20. b4 Qf8 21. Nf5 Bxf5
22. exf5 Nge7 23. Be4 Rac8 24. Ne2 b6 25. f3 gxf3 26. Rxf3 Bh6 27. Bf2 Rd2 28.
Be3 Bxe3+ 29. Rxe3 Rcd8 30. Rc1 R8d6 31. Rh3 Qg8 32. Kh1 Nd8 33. Ng1 Nf7 34.
Rhc3 Ng5 35. Rc7 Nxe4 36. Qxe4 R6d4 37. Qb7 Rd5 38. g3 Qg4 39. R7c4 R2d4 40.
Rxd4 Qxd4 41. Nf3 Qd3 42. Qb8+ Rd8 43. Qb7 Nxf5 44. Rc7 Ne3 45. Qc6 Nd5 0-1

[Event "EU-ch (Women) 11th"]
[Site "Rijeka"]
[Date "2010.03.07"]
[Round "2.22"]
[White "Makropoulou, Marina"]
[Black "Kovalevskaya, Ekaterina"]
[Result "0-1"]
[WhiteElo "2225"]
[BlackElo "2438"]
[PlyCount "72"]
[EventDate "2010.03.06"]
[EventType "swiss"]
[EventRounds "11"]
[EventCountry "CRO"]
[SourceDate "2010.03.06"]

1. e4 e5 2. Nf3 Nc6 3. Bb5 a6 4. Ba4 Nf6 5. O-O Be7 6. Re1 d6 7. c3 Bg4 8. d3
Nd7 9. h3 Bh5 10. Be3 h6 11. g4 Bg6 12. Nbd2 Bg5 13. Nxg5 hxg5 14. Kg2 f6 15.
b4 Bf7 16. Nf3 Ne7 17. d4 Ng6 18. d5 b5 19. Bb3 Nb6 20. a4 Kf8 21. a5 Nc4 22.
Bxc4 bxc4 23. Qe2 c6 24. Qxc4 cxd5 25. exd5 Qe8 26. Qb3 e4 27. Nd4 Qe5 28. c4
Nf4+ 29. Bxf4 gxf4 30. Nc6 f3+ 31. Kg1 Qg5 32. Qe3 Qh4 33. Qf4 g6 34. Qxd6+ Kg7
35. Qg3 Qxh3 36. Qxh3 Rxh3 0-1

[Event "EU-ch (Women) 11th"]
[Site "Rijeka"]
[Date "2010.03.07"]
[Round "2.25"]
[White "Foisor, Cristina Adela B"]
[Black "Worek, Joanna"]
[Result "1-0"]
[WhiteElo "2433"]
[BlackElo "2245"]
[PlyCount "81"]
[EventDate "2010.03.06"]
[EventType "swiss"]
[EventRounds "11"]
[EventCountry "CRO"]
[SourceDate "2010.03.06"]

1. c4 Nf6 2. g3 c6 3. Bg2 d5 4. Nf3 dxc4 5. O-O a6 6. a4 Bf5 7. Nc3 Nbd7 8. b3
Nd5 9. Nxd5 cxd5 10. bxc4 e6 11. cxd5 exd5 12. Qb3 Nc5 13. Qe3+ Be7 14. Ba3 Ne6
15. Nd4 Bxa3 16. Rxa3 Qf6 17. Nxe6 Bxe6 18. Bxd5 O-O 19. Bxe6 fxe6 20. Rb3 Rf7
21. Rb6 Re8 22. Rfb1 Ree7 23. f3 Qf5 24. Rc1 e5 25. Rd6 h6 26. Rd8+ Rf8 27.
Rxf8+ Qxf8 28. d3 Qd8 29. Qc5 Qd4+ 30. Qxd4 exd4 31. Kf2 Kf7 32. Rc4 Rd7 33. f4
Ke6 34. e3 dxe3+ 35. Kxe3 g5 36. Rc5 Kf6 37. Ke4 Re7+ 38. Re5 Rc7 39. f5 h5 40.
Re6+ Kf7 41. Rh6 1-0

[Event "EU-ch (Women) 11th"]
[Site "Rijeka"]
[Date "2010.03.07"]
[Round "2.26"]
[White "Romanko Guseva, Marina"]
[Black "Ziaziulkina, Nastassia"]
[Result "1-0"]
[WhiteElo "2409"]
[BlackElo "2188"]
[PlyCount "101"]
[EventDate "2010.03.06"]
[EventType "swiss"]
[EventRounds "11"]
[EventCountry "CRO"]
[SourceDate "2010.03.06"]

1. d4 d5 2. c4 c6 3. Nf3 Nf6 4. Nc3 a6 5. e3 b5 6. b3 Bg4 7. Bd2 Nbd7 8. h3 Bh5
9. g4 Bg6 10. cxd5 cxd5 11. g5 Ne4 12. Nxd5 e6 13. Nf4 Bf5 14. h4 Bd6 15. Bh3
Bxh3 16. Nxh3 h6 17. Qc2 Nxd2 18. Qxd2 Nb6 19. e4 h5 20. Nf4 g6 21. O-O Qd7 22.
Nd3 Rd8 23. Rad1 Qb7 24. Qe3 Nd7 25. d5 e5 26. Rc1 O-O 27. Rc6 Bc7 28. Nc5 Nxc5
29. Qxc5 Bb8 30. Qe3 Rfe8 31. Rfc1 Ba7 32. Qd3 Bb6 33. Kg2 Rb8 34. Ng1 Qe7 35.
Nf3 Qd7 36. Nh2 Qa7 37. R1c2 Kh7 38. Qf3 Kg8 39. Nf1 Bd8 40. Ne3 Rb6 41. Nd1
Rxc6 42. dxc6 Re6 43. Ne3 Bc7 44. Nd5 Qb8 45. Qe3 Kg7 46. Qc3 Kh7 47. a4 Qc8
48. f3 Qb8 49. axb5 axb5 50. Qc5 Rd6 51. Ra2 1-0

[Event "EU-ch (Women) 11th"]
[Site "Rijeka"]
[Date "2010.03.07"]
[Round "2.28"]
[White "Pavlidou, Ekaterini"]
[Black "Kovanova, Baira"]
[Result "0-1"]
[WhiteElo "2135"]
[BlackElo "2385"]
[PlyCount "60"]
[EventDate "2010.03.06"]
[EventType "swiss"]
[EventRounds "11"]
[EventCountry "CRO"]
[SourceDate "2010.03.06"]

1. d4 Nf6 2. c4 e6 3. Nc3 Bb4 4. Qc2 O-O 5. a3 Bxc3+ 6. Qxc3 d6 7. Bg5 Nbd7 8.
e3 b6 9. Bd3 Bb7 10. f3 e5 11. Ne2 Re8 12. O-O h6 13. Bh4 c5 14. Rad1 Qc7 15.
d5 b5 16. b3 a5 17. a4 bxa4 18. bxa4 Ba6 19. Qc2 Rab8 20. Be1 e4 21. fxe4 Ng4
22. Rf3 Nde5 23. Rg3 Nxd3 24. Rxd3 Rxe4 25. Rd4 cxd4 26. Qxe4 h5 27. c5 Qxc5
28. Nxd4 Qc1 29. Nf3 Be2 30. Rh3 Bxf3 0-1

[Event "EU-ch (Women) 11th"]
[Site "Rijeka"]
[Date "2010.03.07"]
[Round "2.30"]
[White "Galojan, Lilit"]
[Black "Sargac, Rajna"]
[Result "1/2-1/2"]
[WhiteElo "2380"]
[BlackElo "2157"]
[PlyCount "109"]
[EventDate "2010.03.06"]
[EventType "swiss"]
[EventRounds "11"]
[EventCountry "CRO"]
[SourceDate "2010.03.06"]

1. d4 e6 2. c4 f5 3. Nc3 Nf6 4. Qc2 Bb4 5. e3 b6 6. Bd3 Bb7 7. f3 O-O 8. Nge2
Nc6 9. O-O Na5 10. a3 Bxc3 11. Nxc3 d5 12. cxd5 Nxd5 13. b4 Nc6 14. Nxd5 Qxd5
15. Bb2 Rf7 16. Rad1 Qd7 17. Rc1 a6 18. Rfd1 Rc8 19. Qe2 b5 20. Rf1 Ne7 21. e4
Ng6 22. g3 f4 23. g4 Rd8 24. Bb1 Qe7 25. Rc5 Nf8 26. Rfc1 c6 27. Ba2 Nd7 28.
R5c2 Nb6 29. Qf2 Na4 30. Ba1 Re8 31. Bb3 a5 32. Qd2 h5 33. gxh5 Qg5+ 34. Qg2
Qxh5 35. Rc5 Nxc5 36. Rxc5 Qh4 37. Bc3 a4 38. Ba2 Qe7 39. Rg5 Rf6 40. Kf2 Bc8
41. Qh3 Qf7 42. Rh5 Qg6 43. Qh4 Kf7 44. Rg5 Qh6 45. Rh5 Qg6 46. Rc5 Qh6 47. Rh5
Qg6 48. Bd2 Rd8 49. Rg5 Qh6 50. Rh5 Qg6 51. Rg5 Qh6 52. Rh5 Qg6 53. Rg5 Qh6 54.
Rh5 Qg6 55. Rg5 1/2-1/2

[Event "EU-ch (Women) 11th"]
[Site "Rijeka"]
[Date "2010.03.07"]
[Round "2.32"]
[White "Zhukova, Natalia"]
[Black "Arabidze, Meri"]
[Result "1-0"]
[WhiteElo "2492"]
[BlackElo "2292"]
[PlyCount "67"]
[EventDate "2010.03.06"]
[EventType "swiss"]
[EventRounds "11"]
[EventCountry "CRO"]
[SourceDate "2010.03.06"]

1. d4 Nf6 2. c4 e6 3. g3 d5 4. Bg2 Bb4+ 5. Bd2 Be7 6. Nf3 O-O 7. O-O c6 8. Bf4
b6 9. Nc3 Ba6 10. b3 Nbd7 11. Qc2 Rc8 12. Rfd1 Qe8 13. e4 dxc4 14. Nd2 e5 15.
dxe5 Ng4 16. Nxc4 Bxc4 17. bxc4 Bc5 18. Rd2 Ndxe5 19. h3 Nf6 20. Na4 Bb4 21.
Rdd1 b5 22. Qb2 Ng6 23. Be3 Qe7 24. cxb5 cxb5 25. a3 bxa4 26. Qxb4 Qe6 27. Qxa4
Rc4 28. Qxa7 Nxe4 29. Qd7 Ne5 30. Qxe6 fxe6 31. Bxe4 Rxe4 32. a4 Ra8 33. a5 Nc4
34. Bb6 1-0

[Event "EU-ch (Women) 11th"]
[Site "Rijeka"]
[Date "2010.03.07"]
[Round "2.33"]
[White "Dembo, Yelena"]
[Black "Fuchs, Judith"]
[Result "1/2-1/2"]
[WhiteElo "2457"]
[BlackElo "2222"]
[PlyCount "82"]
[EventDate "2010.03.06"]
[EventType "swiss"]
[EventRounds "11"]
[EventCountry "CRO"]
[SourceDate "2010.03.06"]

1. e4 c5 2. Nf3 d6 3. d4 cxd4 4. Nxd4 Nf6 5. Nc3 Nc6 6. Bg5 Qb6 7. Nb3 e6 8.
Bxf6 gxf6 9. Qd2 Bd7 10. O-O-O a6 11. f4 O-O-O 12. Be2 h5 13. Rhf1 Kb8 14. Kb1
Be7 15. Rf3 Rdg8 16. Bf1 Rc8 17. Rd3 Na5 18. Rd4 Nxb3 19. axb3 h4 20. Be2 Bc6
21. h3 Qa5 22. b4 Qb6 23. Bf3 f5 24. exf5 Bxf3 25. gxf3 d5 26. Na2 Rh5 27. fxe6
fxe6 28. Rd3 Rf5 29. Re1 Rc4 30. Rde3 Bxb4 31. Nxb4 Rxb4 32. c3 Rbxf4 33. Rxe6
Qc5 34. Qh2 Ka7 35. Re8 Qc4 36. Rd1 Qa4 37. Qg1+ d4 38. Re4 Rxe4 39. fxe4 Rf2
40. Rc1 Rxb2+ 41. Kxb2 Qb5+ 1/2-1/2